00321nam a2200133Ia 4500008004100000020001500041041001200056082001100068100001300079245004700092260002500139300000800164650001500172221030s9999 xx 000 0 und d a0070660274 aEnglish a105.23 aA. Mital 0aCases in Strategic Managementcby A. Mital bTMHaNew Delhic2010 a221 aCase Study